000
00312nam a2200133Ia 4500
005
20260326235453.0
008
260326s9999||||xx |||||||||||||| ||und||
100
_a
Martin, Roland
245
0
_a
Greek Architecture /
_c
Roland Martin
260
_b
Rizzoli
300
_a
201 p.
650
_a
ANTIGUEDAD
942
_c
BK
999
_c
7848
_d
7848